| 000 | 01059cam a22002054a 4500 | ||
|---|---|---|---|
| 005 | 20250605164019.0 | ||
| 008 | 250528s ||||||||||||||||||||||||d | ||
| 035 | _a16270 | ||
| 020 | _a521210860 | ||
| 040 |
_aGR-AtMCL _bgre _dGR-AtMCL _eAACR2 |
||
| 245 | 1 | _aPotential Energy / An Analysis of World Energy Technology | |
| 260 |
_bCambridge University Press, _c1976 |
||
| 300 | _a230 | ||
| 505 | 0 | _aPreface, The Numbers Game - Some Units and Equivalents, The Energy Picture, Reserves and Resources, Back to the Drawing Board, Coal, Oil Resources, Nuclear Fission, Fusion, Solar Power, Earth Power, Using It Wisely, The Energy Equations, Information, Acknowledgements, Index. | |
| 520 | _aPreface, The Numbers Game - Some Units and Equivalents, The Energy Picture, Reserves and Resources, Back to the Drawing Board, Coal, Oil Resources, Nuclear Fission, Fusion, Solar Power, Earth Power, Using It Wisely, The Energy Equations, Information, Acknowledgements, Index. | ||
| 700 | 1 |
_aKenward Michael _92353 |
|
| 942 | _cBK | ||
| 999 |
_c1788 _d1788 |
||